00278nam a22000977a 4500020001800000040000900018082001900027100002300046245008000069260003100149 a9781138077096 cNUST a621.31042bFIL aFilizadeh, Shaahin aElectric Machines and DrivesbPrinciples, Control, Modeling, and Simulation aLondon:bCrc Press,c2013.